X-Men 50th Anniversary Poster Quiz Stats

 Plays Quiz not verified by Sporcle

Score 0/96 Timer 15:00
1 Play Today
% Correct
Cyclops
98.7%
Jean Grey
98.7%
Archangel
98.7%
Iceman
98.7%
Storm
98.7%
Iceman
98.7%
Iceman
98.7%
Archangel
98.7%
Cyclops
98.7%
Cyclops
98.7%
Storm
98.7%
Storm
98.7%
Iceman
98.7%
Cyclops
98.7%
Storm
98.7%
Cyclops
98.7%
Iceman
98.7%
Rogue
98.1%
Wolverine
98.1%
Angel
98.1%
Wolverine
98.1%
Rogue
98.1%
Wolverine
98.1%
Rogue
98.1%
Angel
98.1%
Wolverine
98.1%
Rogue
98.1%
Rogue
98.1%
Beast
97.5%
Beast
97.5%
Beast
97.5%
Beast
97.5%
% Correct
M
96.8%
Gambit
95.5%
Gambit
95.5%
Gambit
95.5%
Jubilee
94.9%
Jubilee
94.9%
Jubilee
94.9%
Psylocke
94.3%
Psylocke
94.3%
Marvel Girl
94.3%
Psylocke
94.3%
Psylocke
94.3%
Marvel Girl
94.3%
Psylocke
94.3%
Emma Frost
92.4%
Shadowcat
91.7%
Shadowcat
91.7%
Sunspot
91.1%
Sunspot
91.1%
Magneto
90.4%
Magneto
90.4%
Banshee
89.8%
Sabretooth
87.9%
Havok
86.6%
Cannonball
86%
Magik
81.5%
Nightcrawler
81.5%
Rachel Summers
80.9%
Deadpool
77.1%
Phoenix
76.4%
Warlock
76.4%
Fantomex
76.4%
% Correct
Bishop
73.9%
Doop
72%
Broo
71.3%
Sunfire
71.3%
Blink
70.7%
Chamber
68.2%
Magma
67.5%
Moonstar
64.3%
Cypher
63.7%
Kid Gladiator
59.2%
Karma
58%
Kid Omega
57.3%
Rockslide
50.3%
Wild Child
50.3%
Thunderbird
48.4%
Anole
47.8%
Glob Herman
47.8%
Sage
44.6%
Skin
43.3%
Penance
42.7%
Pixie
42%
Husk
38.9%
Synch
37.6%
Hellion
35.7%
Oya
31.8%
Genesis
26.1%
Warbird
24.8%
Match
21%
Shogo
19.1%
Face
16.6%
Brightwind
14.6%
Bamfs
14%

You're not logged in!

Compare scores with friends on all Sporcle quizzes.
OR
Log In

Show Comments

Extras

Top Quizzes Today


Score Distribution

Your Account Isn't Verified!

In order to create a playlist on Sporcle, you need to verify the email address you used during registration. Go to your Sporcle Settings to finish the process.

Report this User

Report this user for behavior that violates our Community Guidelines.

Details: